[Event "St. Petersburg-ch 2021"]
[Site "St. Petersburg"]
[Date "2021.03.26"]
[Round "2.5"]
[White "Levin, Evgeny A."]
[Black "Saveliev, Alexei"]
[Result "1/2-1/2"]
[WhiteElo "2502"]
[BlackElo "2358"]
[Annotator "TA"]
[PlyCount "149"]
[EventDate "2021.03.25"]
[EventType "swiss"]
[EventCountry "RUS"]
[SourceTitle "playchess.com"]
[Source "ChessBase"]
[SourceQuality "1"]

{[%evp 21,149,53,60,54,52,50,61,64,59,67,69,69,70,68,115,108,125,103,95,98,103,108,114,108,100,108,110,98,99,113,132,86,93,100,97,60,62,64,69,63,64,68,61,62,49,48,60,48,60,48,90,86,87,61,82,59,87,74,74,66,72,72,93,51,52,52,72,66,78,63,68,67,69,63,79,37,45,30,77,49,62,45,87,14,54,49,56,30,69,53,76,27,34,33,77,26,100,100,136,66,137,46,91,8,8,8,8,0,0,0,0,0,0,0,0,0,0,0,0,0,27,27,27,0,0,0,0,0,0,0]} 1. Nf3 c5 2. c4 Nf6 3. Nc3 b6 4. d4 cxd4 5. Nxd4 Bb7 6. f3 e6 7. e4 d6 8. Be3 Be7 9. Be2 O-O 10. O-O a6 11. Qd2 Qc7 12. Rfc1 {B41: Sicilian: Kan Variation: 5 c4.} Rc8 13. a4 Nbd7 14. a5 {White is slightly better.} bxa5 15. Nb3 Rab8 16. Nxa5 Ba8 17. Na4 {[#]} h5 $146 ({Predecessor:} 17... Qd8 18. b4 d5 19. c5 dxe4 20. Bxa6 exf3 21. Bxc8 Qxc8 22. Nb6 Nxb6 23. cxb6 Qf8 {1-0 (31) Kramnik,V (2790)-Akopian,V (2660) ICC INT 1998}) 18. b4 h4 19. Rab1 h3 20. b5 axb5 21. cxb5 Qd8 22. Rxc8 $1 Rxc8 {[#]} 23. b6 $1 hxg2 24. b7 Bxb7 25. Rxb7 d5 26. Kxg2 dxe4 27. fxe4 Ne5 28. Nb6 Qxd2 29. Bxd2 Rc2 30. Nbc4 Bd6 31. Rb2 ({Much worse is} 31. Nxd6 $6 Rxd2 32. Nxf7 (32. Rb8+ Kh7 $15) 32... Rxe2+ 33. Kf1 Ra2 $11) 31... Rxb2 32. Nxb2 Nxe4 33. Be1 (33. Be3 {is interesting.} Nc3 34. Nac4 Bc7 35. Bf1 Nd5 36. Bd4) 33... Ng6 34. Nd3 Nc5 35. Nxc5 Bxc5 36. Bg3 Ne7 37. Bd3 Bd4 38. Kf3 Bf6 39. Bd6 g6 40. Be4 Kg7 41. Nc4 Ng8 42. Bg3 Bc3 43. Bc6 {Strongly threatening Bd6.} Nf6 44. Bc7 Bd4 45. Nd6 Kf8 46. Nb7 Kg7 47. Bd6 Bc3 48. Bc5 Be5 49. h3 Bc3 50. Nd6 {aiming for Be3.} Be5 51. Bb4 {Hoping for Nc4.} Kg8 52. Ke3 ({Better is} 52. Nc4 $16 Bd4 53. Be1) 52... Kg7 53. Nc4 Ba1 54. Bd6 Ng8 55. Kd3 {And now Ke3 would win.} Nf6 56. Ba3 {Threatens to win with Bc1.} Nh5 57. Ke3 {Bd6 is the strong threat.} Nf6 58. Nb2 (58. Be7 $16) 58... Nh7 (58... Nd5+ $11 {keeps the balance.} 59. Kf3 f5) 59. Kd3 $16 Ng5 60. Bg2 (60. h4 $16 Nh7 61. Ke4) 60... Kh6 (60... e5 $1 $14) 61. Kc2 ({White should try} 61. h4 $16 Nh7 62. Nc4) 61... Kh5 $14 {[#]} 62. Kb1 (62. Be7 $1 $16) 62... Bxb2 $11 63. Kxb2 {With the idea Be7.} Kh4 64. Be7 {Black must now prevent Bf1.} Kg3 65. Bc6 Nxh3 66. Be8 f5 67. Bxg6 f4 68. Bd6 Kg2 69. Kc3 f3 70. Be4 Nf2 71. Bc6 Ng4 72. Kd4 e5+ {The position is equal.} 73. Bxe5 Nxe5 74. Kxe5 Kg3 75. Bxf3 {Weighted Error Value: White=0.16/Black=0.15} 1/2-1/2

[Event "St. Petersburg-ch 2021"]
[Site "St. Petersburg"]
[Date "2021.03.26"]
[Round "2.6"]
[White "Usmanov, Vasily"]
[Black "Lesovoi, Evgenij"]
[Result "1/2-1/2"]
[WhiteElo "2447"]
[BlackElo "2347"]
[Annotator "TA"]
[PlyCount "118"]
[EventDate "2021.03.25"]
[EventType "swiss"]
[EventCountry "RUS"]
[SourceTitle "playchess.com"]
[Source "ChessBase"]
[SourceQuality "1"]

{[%evp 9,118,7,18,5,12,0,0,0,0,0,0,0,0,-1,16,-16,63,-8,0,-15,-9,-98,-95,-136,-129,-123,-134,-134,-134,-130,-133,-136,-118,-129,-118,-138,-131,-238,-131,-160,-158,-165,-175,-158,-77,-77,-77,-95,-31,-33,-14,-16,0,-33,0,-45,0,-32,-13,-90,-82,-95,-93,-96,-80,-96,-97,-97,-90,-191,-80,-80,-80,-80,-80,-80,-79,-78,-79,-89,-89,-89,-89,-89,-89,-89,-89,-96,-89,-89,-89,-89,-89,-89,-51,-51,0,0,0,0,0,0,0,0,0,0,0,0,0,0,0]} 1. d4 Nf6 2. Nf3 e6 3. Bg5 c5 4. e3 d5 5. Be2 Nbd7 6. O-O {D03: 1 d4 d5 2 Nf3 Nf6 3 Bg5, including Torre Attack with early ...d5.} Be7 7. dxc5 Nxc5 8. c4 O-O 9. Nc3 {[#]} dxc4 $146 ({Predecessor:} 9... b6 10. cxd5 Nxd5 11. Bxe7 Nxe7 12. Qxd8 Rxd8 13. b4 Na6 14. Rfd1 Bb7 15. a3 Nc7 16. Rxd8+ Rxd8 17. Rd1 Rxd1+ {½-½ (17) Hamadi,M-Kalunga,W Dubai 1986}) 10. Bxc4 a6 11. a4 Bd7 12. Ne5 Rc8 ({Black should try} 12... Be8 $11) 13. Be2 (13. b4 $14) 13... Be8 14. Qxd8 Bxd8 15. Rfd1 (15. Bf3 $11) 15... Ba5 $17 16. Bxf6 gxf6 17. Nc4 Bxc3 18. bxc3 Bxa4 19. Rd4 Bb5 20. Bd1 Bxc4 21. Rxc4 Rc7 22. Bf3 {intending Bxb7.} Rfc8 23. Rd1 (23. h3 $17 {was called for.}) 23... f5 (23... b5 $1 $19 {[%cal Rb5c4]} 24. Rg4+ Kf8) 24. h3 b5 25. Rb4 Na4 {And now ...a5 would win.} 26. Rd6 {[#]} Nxc3 (26... Ra7 $142 $1 27. c4 Rxc4 28. Rxc4 bxc4) 27. Rxa6 Rc4 28. Rb2 Rb8 (28... Kg7 $17 29. Ra7 Kg6) 29. Ra7 $1 $15 Na4 30. Rb1 Nc3 31. Rb2 Na4 32. Rb1 Nc3 33. Rb2 Ne4 34. Bh5 (34. Bxe4 $11 {remains equal.} fxe4 35. Rd2) 34... Nd6 $17 35. Rd7 Rb6 36. Ra2 Rc8 37. Rd2 Rcc6 38. Kh2 b4 39. Ra2 {[#]} (39. Bf3 $17 Ne4 40. Rb2) 39... Ra6 (39... Kg7 $1 $19 {is more deadly.} 40. Bxf7 Nxf7) 40. Rxa6 Rxa6 {[%mdl 4096] Endgame KRB-KRN} 41. Rd8+ Kg7 {Hoping for ...Rb6.} 42. Rb8 Ra2 43. Rxb4 Kh6 44. Rd4 Kxh5 45. Rxd6 Rxf2 {KR-KR} 46. Kg3 Rf1 47. Rd7 Kg6 48. Rb7 e5 49. Rb6+ f6 50. Rb4 h5 51. h4 e4 52. Rb2 f4+ (52... Rg1 $15) 53. exf4 $11 {The position is equal.} Kf5 54. Rb5+ Ke6 55. Rb6+ ({Not} 55. Rxh5 $2 e3 $19) 55... Kd5 56. Rxf6 e3 {Threatens to win with ...e2.} 57. Rf5+ {[%mdl 64] Double Attack} Kd4 {Strongly threatening ...e2.} 58. Re5 Kd3 {aiming for ...e2.} 59. Rd5+ Kc4 {And White is the lucky defender.  Weighted Error Value: White=0.16/Black=0.16} 1/2-1/2

[Event "St. Petersburg-ch 2021"]
[Site "St. Petersburg"]
[Date "2021.03.27"]
[Round "3.1"]
[White "Goganov, Aleksey"]
[Black "Schekachikhin, Maksim"]
[Result "1-0"]
[WhiteElo "2575"]
[BlackElo "2417"]
[Annotator "ChessBase"]
[PlyCount "99"]
[EventDate "2021.03.25"]
[EventType "swiss"]
[EventCountry "RUS"]
[SourceTitle "playchess.com"]
[Source "ChessBase"]
[SourceQuality "1"]
[TimeControl "40/5400+30:1800+30"]

1. g3 {[%emt 0:01:00]} e5 {[%emt 0:02:52]} 2. c4 {[%emt 0:02:27]} Nf6 {[%emt 0:00:26]} 3. Bg2 {[%emt 0:00:44]} Bc5 {[%emt 0:04:18]} 4. Nc3 {[%emt 0:02:17]} c6 {[%emt 0:00:21]} 5. e3 {[%emt 0:02:50]} O-O {[%emt 0:00:55]} 6. Nge2 {[%emt 0:00:43]} d5 {[%emt 0:00:53]} 7. cxd5 {[%emt 0:00:53]} cxd5 {[%emt 0:00:22]} 8. d4 {[%emt 0:00:45]} exd4 {[%emt 0:00:07]} 9. exd4 {[%emt 0:00:49]} Bb6 {[%emt 0:16:44]} 10. O-O {[%emt 0:04:44]} Bg4 {[%emt 0:08:56]} 11. Bg5 {[%emt 0:12:19]} Re8 {[%emt 0:06:44]} 12. Bxf6 {[%emt 0:12:18]} Qxf6 {[%emt 0:07:12]} 13. Nxd5 {[%emt 0:01:58]} Qd6 {[%emt 0:00:54]} 14. Nxb6 {[%emt 0:18:28]} Qxb6 {[%emt 0:14:04]} 15. Re1 {[%emt 0:02:52]} Nc6 {[%emt 0:01:42]} 16. Qd2 {[%emt 0:05:37]} Bxe2 {[%emt 0:03:21]} 17. Bxc6 {[%emt 0:00:13]} bxc6 {[%emt 0:00:50]} 18. Rxe2 {[%emt 0:00:03]} Rxe2 {[%emt 0:00:06]} 19. Qxe2 {[%emt 0:00:02]} Qxd4 {[%emt 0:00:08]} 20. Rd1 {[%emt 0:01:45]} Qf6 {[%emt 0:02:59]} 21. Rd7 {[%emt 0:02:34]} g6 {[%emt 0:00:59]} 22. b4 {[%emt 0:03:09]} Kg7 {[%emt 0:05:02]} 23. Qc4 {[%emt 0:01:50]} Qf3 {[%emt 0:09:59]} 24. Rd3 {[%emt 0:00:55]} Qf6 {[%emt 0:01:51]} 25. Kg2 {[%emt 0:00:18]} Rb8 {[%emt 0:03:30]} 26. Rf3 {[%emt 0:02:04]} Qe6 {[%emt 0:01:28]} 27. Qd4+ {[%emt 0:00:48]} Kg8 {[%emt 0:00:06]} 28. a3 {[%emt 0:01:02]} Rb7 {[%emt 0:01:46]} 29. Rf6 {[%emt 0:02:44]} Qd5+ {[%emt 0:01:05]} 30. Qxd5 {[%emt 0:00:06]} cxd5 {[%emt 0:00:01]} 31. Ra6 {[%emt 0:00:18]} Kg7 {[%emt 0:05:01]} 32. Kf3 {[%emt 0:00:21]} h5 {[%emt 0:00:10]} 33. h4 {[%emt 0:05:24]} Re7 {[%emt 0:00:54]} 34. Ra5 {[%emt 0:00:57]} d4 {[%emt 0:00:25]} 35. Rd5 {[%emt 0:00:21]} Rc7 {[%emt 0:00:26]} 36. Ke4 {[%emt 0:00:16]} Rc2 {[%emt 0:00:35]} 37. Ra5 {[%emt 0:00:17]} Rxf2 {[%emt 0:00:27]} 38. Rxa7 {[%emt 0:00:13]} g5 {[%emt 0:00:34]} 39. hxg5 {[%emt 0:03:45]} Kg6 {[%emt 0:00:07]} 40. b5 {[%emt 0:00:00]} Kxg5 {[%emt 0:00:00]} 41. b6 {[%emt 0:09:49]} Rb2 {[%emt 0:17:15]} 42. b7 {[%emt 0:00:05]} Kg4 {[%emt 0:02:12]} 43. Kxd4 {[%emt 0:01:40]} Kxg3 {[%emt 0:01:30]} 44. Kc3 {[%emt 0:00:11]} Rb1 {[%emt 0:02:11]} 45. Kc2 {[%emt 0:00:08]} Rb6 {[%emt 0:01:25]} 46. a4 {[%emt 0:00:07]} h4 {[%emt 0:00:33]} 47. a5 {[%emt 0:00:04]} Rb5 {[%emt 0:00:02]} 48. a6 {[%emt 0:00:12]} h3 {[%emt 0:00:04]} 49. Ra8 {[%emt 0:00:04]} h2 {[%emt 0:00:03]} 50. Rh8 {[%emt 0:00:45]} 1-0

[Event "St. Petersburg-ch 2021"]
[Site "St. Petersburg"]
[Date "2021.03.27"]
[Round "3.2"]
[White "Shubin, Kirill"]
[Black "Epishin, Vladimir"]
[Result "1-0"]
[WhiteElo "2466"]
[BlackElo "2527"]
[Annotator "ChessBase"]
[PlyCount "54"]
[EventDate "2021.03.25"]
[EventType "swiss"]
[EventCountry "RUS"]
[SourceTitle "playchess.com"]
[Source "ChessBase"]
[SourceQuality "1"]
[TimeControl "40/5400+30:1800+30"]

1. e4 {[%emt 0:00:00]} c5 {[%emt 0:02:11]} 2. Nf3 {[%emt 0:00:00]} e6 {[%emt 0:00:16]} 3. g3 {[%emt 0:00:00]} d6 {[%emt 0:04:02]} 4. Bg2 {[%emt 0:00:09]} Nd7 {[%emt 0:00:39]} 5. O-O {[%emt 0:01:37]} Be7 {[%emt 0:00:06]} 6. c3 {[%emt 0:04:08]} Ngf6 {[%emt 0:02:50]} 7. Re1 {[%emt 0:00:38]} O-O {[%emt 0:03:27]} 8. d4 {[%emt 0:00:48]} d5 {[%emt 0:02:21]} 9. exd5 {[%emt 0:07:44]} exd5 {[%emt 0:02:11]} 10. Nbd2 {[%emt 0:05:52]} Re8 {[%emt 0:02:06]} 11. Nf1 {[%emt 0:05:53]} h6 {[%emt 0:05:05]} 12. Bf4 {[%emt 0:06:30]} Nb6 {[%emt 0:03:36]} 13. Ne3 {[%emt 0:06:51]} c4 {[%emt 0:07:45]} 14. Qc2 {[%emt 0:02:25]} Bf8 {[%emt 0:01:16]} 15. h3 {[%emt 0:03:42]} Be6 {[%emt 0:01:19]} 16. g4 {[%emt 0:00:48]} Nc8 {[%emt 0:07:49]} 17. Ne5 {[%emt 0:00:31]} Ne7 {[%emt 0:04:14]} 18. Bh2 {[%emt 0:02:34]} b5 {[%emt 0:07:43]} 19. f4 {[%emt 0:01:08]} a5 {[%emt 0:00:12]} 20. f5 {[%emt 0:01:24]} Bc8 {[%emt 0:00:36]} 21. h4 {[%emt 0:01:46]} Ra6 {[%emt 0:00:21]} 22. g5 {[%emt 0:05:41]} hxg5 {[%emt 0:01:27]} 23. hxg5 {[%emt 0:00:04]} Nh7 {[%emt 0:01:00]} 24. f6 {[%emt 0:01:41]} gxf6 {[%emt 0:00:41]} 25. Nxf7 {[%emt 0:00:07]} Qd7 {[%emt 0:00:10]} 26. Nxd5 {[%emt 0:03:32]} fxg5 {[%emt 0:02:34]} 27. Nc7 {[%emt 0:02:57]} Nf5 {[%emt 0:07:52]} 1-0

[Event "St. Petersburg-ch 2021"]
[Site "St. Petersburg"]
[Date "2021.03.27"]
[Round "3.3"]
[White "Lesovoi, Evgenij"]
[Black "Alekseev, Evgeny"]
[Result "0-1"]
[WhiteElo "2347"]
[BlackElo "2619"]
[Annotator "ChessBase"]
[PlyCount "104"]
[EventDate "2021.03.25"]
[EventType "swiss"]
[EventCountry "RUS"]
[SourceTitle "playchess.com"]
[Source "ChessBase"]
[SourceQuality "1"]
[TimeControl "40/5400+30:1800+30"]

1. d4 {[%emt 0:01:43]} Nf6 {[%emt 0:12:38]} 2. c4 {[%emt 0:00:12]} e6 {[%emt 0:00:05]} 3. Nf3 {[%emt 0:00:17]} d5 {[%emt 0:00:46]} 4. Nc3 {[%emt 0:00:31]} Nbd7 {[%emt 0:09:20]} 5. Bg5 {[%emt 0:06:24]} Bb4 {[%emt 0:07:42]} 6. e3 {[%emt 0:06:51]} c5 {[%emt 0:00:50]} 7. cxd5 {[%emt 0:02:06]} exd5 {[%emt 0:00:45]} 8. Bd3 {[%emt 0:00:34]} c4 {[%emt 0:01:58]} 9. Bf5 {[%emt 0:01:09]} Qa5 {[%emt 0:00:40]} 10. O-O {[%emt 0:10:03]} O-O {[%emt 0:01:01]} 11. Qc2 {[%emt 0:02:05]} Re8 {[%emt 0:01:09]} 12. a3 {[%emt 0:01:49]} Bxc3 {[%emt 0:01:38]} 13. Qxc3 {[%emt 0:01:34]} Qxc3 {[%emt 0:02:00]} 14. bxc3 {[%emt 0:00:05]} Ne4 {[%emt 0:15:16]} 15. Bxe4 {[%emt 0:04:22]} Rxe4 {[%emt 0:00:46]} 16. Rfb1 {[%emt 0:03:11]} Re6 {[%emt 0:02:12]} 17. Nd2 {[%emt 0:11:22]} Nb6 {[%emt 0:05:01]} 18. a4 {[%emt 0:13:05]} Bd7 {[%emt 0:11:01]} 19. a5 {[%emt 0:00:29]} Na4 {[%emt 0:00:10]} 20. Ra3 {[%emt 0:00:28]} f6 {[%emt 0:04:17]} 21. Bf4 {[%emt 0:01:50]} b5 {[%emt 0:00:37]} 22. axb6 {[%emt 0:00:30]} Rxb6 {[%emt 0:00:54]} 23. f3 {[%emt 0:08:29]} Rxb1+ {[%emt 0:04:09]} 24. Nxb1 {[%emt 0:00:03]} g5 {[%emt 0:00:18]} 25. Bg3 {[%emt 0:00:02]} Re8 {[%emt 0:00:37]} 26. Kf2 {[%emt 0:02:01]} Nb2 {[%emt 0:04:43]} 27. Rxa7 {[%emt 0:05:09]} Bf5 {[%emt 0:01:01]} 28. e4 {[%emt 0:01:57]} dxe4 {[%emt 0:00:04]} 29. fxe4 {[%emt 0:00:05]} Bxe4 {[%emt 0:00:41]} 30. Nd2 {[%emt 0:00:10]} Nd1+ {[%emt 0:00:45]} 31. Kg1 {[%emt 0:00:38]} Bd5 {[%emt 0:01:40]} 32. Rc7 {[%emt 0:06:02]} Re2 {[%emt 0:02:49]} 33. Nxc4 {[%emt 0:00:07]} Rxg2+ {[%emt 0:00:12]} 34. Kf1 {[%emt 0:00:06]} Rc2 {[%emt 0:03:14]} 35. Ke1 {[%emt 0:00:48]} Nxc3 {[%emt 0:00:30]} 36. Nd2 {[%emt 0:00:55]} h5 {[%emt 0:01:30]} 37. Rc5 {[%emt 0:01:13]} h4 {[%emt 0:01:11]} 38. Bc7 {[%emt 0:00:11]} g4 {[%emt 0:00:36]} 39. Bf4 {[%emt 0:01:43]} Kf7 {[%emt 0:00:26]} 40. Bc7 {[%emt 0:00:00]} Kg6 {[%emt 0:00:00]} 41. Bf4 {[%emt 0:02:37]} Kf7 {[%emt 0:07:25]} 42. Bc7 {[%emt 0:02:28]} Ke6 {[%emt 0:00:15]} 43. Bf4 {[%emt 0:00:12]} Kf5 {[%emt 0:10:07]} 44. Bc7 {[%emt 0:01:09]} g3 {[%emt 0:02:58]} 45. hxg3 {[%emt 0:00:06]} h3 {[%emt 0:00:03]} 46. g4+ {[%emt 0:00:24]} Kxg4 {[%emt 0:00:17]} 47. Bd6 {[%emt 0:00:24]} f5 {[%emt 0:03:57]} 48. Rc7 {[%emt 0:00:24]} f4 {[%emt 0:00:33]} 49. Rg7+ {[%emt 0:00:33]} Kf5 {[%emt 0:00:04]} 50. Rh7 {[%emt 0:00:06]} Rc1+ {[%emt 0:01:27]} 51. Kf2 {[%emt 0:00:07]} Rd1 {[%emt 0:00:40]} 52. Nf1 {[%emt 0:01:14]} Bc4 {[%emt 0:01:27]} 0-1

[Event "St. Petersburg-ch 2021"]
[Site "St. Petersburg"]
[Date "2021.03.27"]
[Round "3.4"]
[White "Lobanov, Sergei"]
[Black "Palchun, Grigory"]
[Result "1-0"]
[WhiteElo "2516"]
[BlackElo "2359"]
[Annotator "ChessBase"]
[PlyCount "67"]
[EventDate "2021.03.25"]
[EventType "swiss"]
[EventCountry "RUS"]
[SourceTitle "playchess.com"]
[Source "ChessBase"]
[SourceQuality "1"]
[TimeControl "40/5400+30:1800+30"]

1. e4 {[%emt 0:02:49]} e5 {[%emt 0:00:00]} 2. Nf3 {[%emt 0:00:04]} Nc6 {[%emt 0:00:00]} 3. Bb5 {[%emt 0:00:08]} a6 {[%emt 0:00:00]} 4. Ba4 {[%emt 0:00:04]} d6 {[%emt 0:00:00]} 5. O-O {[%emt 0:00:05]} Bd7 {[%emt 0:00:00]} 6. c4 {[%emt 0:00:06]} Nf6 {[%emt 0:01:32]} 7. Nc3 {[%emt 0:00:28]} Be7 {[%emt 0:00:30]} 8. d4 {[%emt 0:00:36]} exd4 {[%emt 0:01:43]} 9. Nxd4 {[%emt 0:00:33]} Nxd4 {[%emt 0:01:03]} 10. Bxd7+ {[%emt 0:03:29]} Nxd7 {[%emt 0:01:34]} 11. Qxd4 {[%emt 0:00:02]} Bf6 {[%emt 0:00:26]} 12. Qd3 {[%emt 0:09:53]} Nc5 {[%emt 0:01:10]} 13. Qc2 {[%emt 0:00:06]} O-O {[%emt 0:02:11]} 14. Bd2 {[%emt 0:00:35]} Re8 {[%emt 0:03:31]} 15. Rae1 {[%emt 0:01:13]} b5 {[%emt 0:14:56]} 16. b4 {[%emt 0:01:33]} Ne6 {[%emt 0:09:27]} 17. Nd5 {[%emt 0:04:48]} Bd4 {[%emt 0:03:11]} 18. Kh1 {[%emt 0:05:42]} c6 {[%emt 0:09:56]} 19. Ne3 {[%emt 0:00:05]} c5 {[%emt 0:06:37]} 20. Nf5 {[%emt 0:07:25]} Bf6 {[%emt 0:15:33]} 21. Bc3 {[%emt 0:12:44]} Bxc3 {[%emt 0:00:17]} 22. Qxc3 {[%emt 0:00:07]} Qb6 {[%emt 0:00:25]} 23. Rd1 {[%emt 0:03:06]} Rad8 {[%emt 0:03:26]} 24. a3 {[%emt 0:19:46]} f6 {[%emt 0:05:50]} 25. h4 {[%emt 0:07:57]} Qc6 {[%emt 0:03:08]} 26. cxb5 {[%emt 0:03:37]} axb5 {[%emt 0:01:37]} 27. Qg3 {[%emt 0:00:04]} d5 {[%emt 0:01:55]} 28. exd5 {[%emt 0:04:02]} Rxd5 {[%emt 0:00:05]} 29. Qf3 {[%emt 0:00:16]} Rxd1 {[%emt 0:06:10]} 30. Qxc6 {[%emt 0:00:33]} Rxf1+ {[%emt 0:00:06]} 31. Kh2 {[%emt 0:00:00]} Kf8 {[%emt 0:00:36]} 32. Qd6+ {[%emt 0:00:24]} Kf7 {[%emt 0:00:19]} 33. Qd7+ {[%emt 0:00:08]} Kf8 {[%emt 0:00:02]} 34. Nd6 {[%emt 0:14:32]} 1-0

[Event "St. Petersburg-ch 2021"]
[Site "St. Petersburg"]
[Date "2021.03.27"]
[Round "3.5"]
[White "Donskov, Anatoly"]
[Black "Levin, Evgeny A."]
[Result "1/2-1/2"]
[WhiteElo "2286"]
[BlackElo "2502"]
[Annotator "ChessBase"]
[PlyCount "97"]
[EventDate "2021.03.25"]
[EventType "swiss"]
[EventCountry "RUS"]
[SourceTitle "playchess.com"]
[Source "ChessBase"]
[SourceQuality "1"]
[TimeControl "40/5400+30:1800+30"]

1. e4 {[%emt 0:00:00]} c5 {[%emt 0:01:12]} 2. Nf3 {[%emt 0:00:00]} d6 {[%emt 0:00:05]} 3. d4 {[%emt 0:00:00]} cxd4 {[%emt 0:00:05]} 4. Nxd4 {[%emt 0:00:00]} Nf6 {[%emt 0:00:08]} 5. Nc3 {[%emt 0:00:00]} a6 {[%emt 0:00:05]} 6. Bg5 {[%emt 0:00:00]} e6 {[%emt 0:01:19]} 7. f4 {[%emt 0:00:00]} Nbd7 {[%emt 0:00:08]} 8. Qf3 {[%emt 0:00:00]} Qc7 {[%emt 0:00:18]} 9. O-O-O {[%emt 0:00:18]} b5 {[%emt 0:03:43]} 10. a3 {[%emt 0:00:01]} Bb7 {[%emt 0:01:24]} 11. g4 {[%emt 0:00:07]} O-O-O {[%emt 0:21:56]} 12. f5 {[%emt 0:00:17]} e5 {[%emt 0:00:27]} 13. Nb3 {[%emt 0:05:24]} h6 {[%emt 0:14:31]} 14. Bxf6 {[%emt 0:01:15]} Nxf6 {[%emt 0:00:04]} 15. Nd5 {[%emt 0:00:05]} Nxd5 {[%emt 0:01:16]} 16. exd5 {[%emt 0:00:12]} Be7 {[%emt 0:04:38]} 17. Kb1 {[%emt 0:06:05]} Kb8 {[%emt 0:00:32]} 18. h4 {[%emt 0:03:17]} Rc8 {[%emt 0:00:55]} 19. Qe4 {[%emt 0:00:20]} Qb6 {[%emt 0:04:28]} 20. a4 {[%emt 0:02:05]} bxa4 {[%emt 0:02:45]} 21. Qxa4 {[%emt 0:00:23]} Bd8 {[%emt 0:00:58]} 22. Rh3 {[%emt 0:08:50]} Ka7 {[%emt 0:11:13]} 23. Nd2 {[%emt 0:08:21]} Qd4 {[%emt 0:04:50]} 24. Qxd4+ {[%emt 0:09:39]} exd4 {[%emt 0:00:06]} 25. Ne4 {[%emt 0:00:32]} Bxd5 {[%emt 0:00:23]} 26. Nxd6 {[%emt 0:10:21]} Rc6 {[%emt 0:00:22]} 27. Rxd4 {[%emt 0:00:50]} Rxd6 {[%emt 0:00:08]} 28. Rhd3 {[%emt 0:02:49]} Bf6 {[%emt 0:02:49]} 29. Rxd5 {[%emt 0:00:08]} Rxd5 {[%emt 0:00:02]} 30. Rxd5 {[%emt 0:00:05]} Rd8 {[%emt 0:00:03]} 31. Rxd8 {[%emt 0:01:19]} Bxd8 {[%emt 0:00:04]} 32. h5 {[%emt 0:00:14]} Bg5 {[%emt 0:01:24]} 33. Bc4 {[%emt 0:00:08]} f6 {[%emt 0:00:21]} 34. Ka2 {[%emt 0:01:03]} a5 {[%emt 0:00:43]} 35. Kb3 {[%emt 0:00:08]} Kb6 {[%emt 0:00:22]} 36. Bf7 {[%emt 0:01:01]} Kc5 {[%emt 0:00:24]} 37. Kc3 {[%emt 0:02:53]} Bc1 {[%emt 0:00:19]} 38. Be8 {[%emt 0:00:22]} Bf4 {[%emt 0:00:34]} 39. Kb3 {[%emt 0:01:03]} Bc1 {[%emt 0:00:05]} 40. c3 {[%emt 0:00:00]} Bd2 {[%emt 0:00:00]} 41. Ka4 {[%emt 0:00:59]} Kb6 {[%emt 0:01:38]} 42. Bf7 {[%emt 0:04:28]} Be1 {[%emt 0:00:28]} 43. Kb3 {[%emt 0:00:16]} Kc5 {[%emt 0:00:06]} 44. Kc2 {[%emt 0:00:04]} Bg3 {[%emt 0:00:26]} 45. Kd3 {[%emt 0:00:15]} Bf4 {[%emt 0:00:08]} 46. Be8 {[%emt 0:08:53]} Bc1 {[%emt 0:00:55]} 47. b3 {[%emt 0:00:08]} Bf4 {[%emt 0:00:24]} 48. Ke4 {[%emt 0:00:43]} Bd2 {[%emt 0:00:08]} 49. Kd3 {[%emt 0:00:56]} 1/2-1/2

[Event "St. Petersburg-ch 2021"]
[Site "St. Petersburg"]
[Date "2021.03.27"]
[Round "3.6"]
[White "Saveliev, Alexei"]
[Black "Usmanov, Vasily"]
[Result "0-1"]
[WhiteElo "2358"]
[BlackElo "2447"]
[Annotator "NA"]
[PlyCount "94"]
[EventDate "2021.03.25"]
[EventType "swiss"]
[EventCountry "RUS"]
[SourceTitle "playchess.com"]
[Source "ChessBase"]
[SourceQuality "1"]
[TimeControl "40/5400+30:1800+30"]

1. e4 {[%emt 0:00:00]} e5 {[%emt 0:02:42]} 2. Nf3 {[%emt 0:00:00]} Nf6 {[%emt 0:00:04]} 3. Nxe5 {[%emt 0:22:03]} d6 {[%emt 0:04:03]} 4. Nf3 {[%emt 0:00:17]} Nxe4 {[%emt 0:00:02]} 5. Qe2 {[%emt 0:00:06]} Qe7 {[%emt 0:00:19]} 6. d3 {[%emt 0:00:04]} Nf6 {[%emt 0:00:04]} 7. Bg5 {[%emt 0:00:03]} Nbd7 {[%emt 0:00:41]} 8. h3 {[%emt 0:02:49]} h6 {[%emt 0:00:25]} 9. Bf4 {[%emt 0:00:59]} Nd5 {[%emt 0:04:28]} 10. Bd2 {[%emt 0:00:15]} Nc5 {[%emt 0:00:44]} 11. g3 {[%emt 0:28:42]} Bd7 {[%emt 0:03:14]} 12. b4 {[%emt 0:16:11]} Ne6 {[%emt 0:07:23]} 13. Bg2 {[%emt 0:00:20]} O-O-O {[%emt 0:17:17]} 14. d4 {[%emt 0:00:47]} Re8 {[%emt 0:08:17]} 15. O-O {[%emt 0:00:33]} Ng5 {[%emt 0:00:22]} 16. Qxe7 {[%emt 0:00:38]} Nxf3+ {[%emt 0:00:04]} 17. Bxf3 {[%emt 0:00:03]} Nxe7 {[%emt 0:00:03]} 18. Kg2 {[%emt 0:00:31]} g5 {[%emt 0:10:17]} 19. Re1 {[%emt 0:04:07]} Bg7 {[%emt 0:01:07]} 20. c3 {[%emt 0:00:03]} Bf6 {[%emt 0:02:33]} 21. Na3 {[%emt 0:01:38]} h5 {[%emt 0:00:51]} 22. Nc2 {[%emt 0:00:50]} g4 {[%emt 0:00:49]} 23. hxg4 {[%emt 0:00:29]} hxg4 {[%emt 0:00:02]} 24. Be4 {[%emt 0:00:06]} Rh3 {[%emt 0:11:21]} 25. Kg1 {[%emt 0:14:58]} Reh8 {[%emt 0:01:12]} 26. Ne3 {[%emt 0:00:43]} R3h5 {[%emt 0:04:02]} 27. Rac1 {[%emt 0:03:12]} Be6 {[%emt 0:07:10]} 28. Bg2 {[%emt 0:00:44]} c6 {[%emt 0:00:27]} 29. a4 {[%emt 0:00:43]} a5 {[%emt 0:00:25]} 30. bxa5 {[%emt 0:01:12]} Rxa5 {[%emt 0:00:05]} 31. d5 {[%emt 0:01:23]} Nxd5 {[%emt 0:02:56]} 32. c4 {[%emt 0:00:53]} Nxe3 {[%emt 0:00:28]} 33. Bxa5 {[%emt 0:00:11]} Nxg2 {[%emt 0:00:10]} 34. Kxg2 {[%emt 0:00:05]} Rh5 {[%emt 0:06:15]} 35. Bb6 {[%emt 0:00:59]} d5 {[%emt 0:00:17]} 36. f3 {[%emt 0:00:44]} gxf3+ {[%emt 0:01:48]} 37. Kxf3 {[%emt 0:00:01]} Rf5+ {[%emt 0:01:09]} 38. Kg2 {[%emt 0:00:21]} dxc4 {[%emt 0:00:05]} 39. Rxe6 {[%emt 0:01:06]} fxe6 {[%emt 0:00:05]} 40. Rxc4 {[%emt 0:00:00]} Kd7 {[%emt 0:00:00]} 41. Rg4 {[%emt 0:01:32]} Bg5 {[%emt 0:02:03]} 42. Re4 {[%emt 0:02:19]} c5 {[%emt 0:02:34]} 43. Kh3 {[%emt 0:02:33]} Kd6 {[%emt 0:00:29]} 44. Kg4 {[%emt 0:00:28]} Bd2 {[%emt 0:01:15]} 45. Rc4 {[%emt 0:01:47]} Kc6 {[%emt 0:00:40]} 46. Ba7 {[%emt 0:00:58]} b6 {[%emt 0:00:54]} 47. Re4 {[%emt 0:00:11]} Kb7 {[%emt 0:01:57]} 0-1